|
|
|
|
| LEADER |
00000nam a2200000 a 4500 |
| 001 |
vtls008293686 |
| 003 |
SK-MaSNL |
| 005 |
20260301140414.0 |
| 008 |
240318 1978 xo p 000 0 slo |
| 020 |
|
|
|a (brož.)
|
| 040 |
|
|
|a SNK
|b slo
|c SNK
|e AACR2
|
| 041 |
0 |
|
|a slo
|
| 044 |
|
|
|a xo
|c SK
|
| 072 |
|
7 |
|a 321
|x Politológia
|2 konspekt
|
| 080 |
|
|
|a 321:34
|2 2001
|
| 080 |
|
|
|a 34(091)
|2 2001
|
| 080 |
|
|
|a (075.8)
|2 2001
|
| 100 |
1 |
|
|a Čarvaga, Vladimír
|4 aut
|9 5794
|
| 245 |
1 |
0 |
|a Všeobecné dejiny štátu a práva
|c Vladimír Čarvaga a kolektív
|n I. diel
|
| 250 |
|
|
|a 2. nezm. vyd.
|
| 260 |
|
|
|a Bratislava
|b Univerzita Komenského
|c 1978
|
| 300 |
|
|
|a 167 s.
|c 29 cm
|
| 366 |
|
|
|e 1500 výt.
|
| 490 |
1 |
|
|a Vysokoškolské skriptá
|
| 650 |
0 |
7 |
|a štát a právo
|2 SNKPH
|9 78088
|
| 650 |
0 |
7 |
|a dejiny štátu a práva
|2 SNKPH
|9 254971
|
| 655 |
|
7 |
|a učebnice vysokých škôl
|2 SNKPH
|9 70191
|
| 810 |
2 |
|
|a Univerzita Komenského v Bratislave.
|b Právnická fakulta
|t Vysokoškolské skriptá
|9 211589
|
| 958 |
|
|
|a OND
|
| 999 |
|
|
|c 763562
|d 765492
|
| 952 |
|
|
|a SNK
|b SNK
|y PREZ
|7 0
|p 17A0968498
|o snkSB 26537/1
|0 0
|1 0
|4 0
|d 2012-08-06
|f 1
|l 0
|r 2026-02-24 00:11:31
|w 2026-02-24
|
| 952 |
|
|
|a SNK
|b SNK
|y VYP
|7 0
|p 17A0481356
|o snkSB 26537/1 D1
|i snkKSP 3002/78
|0 0
|1 0
|4 0
|d 2005-08-09
|l 0
|r 2026-02-24 00:11:31
|w 2026-02-24
|